000 00326nam a2200133Ia 4500
008 240624s9999 xx 000 0 und d
041 _aeng
082 _a336.2 SIN
100 _aSINGHANIA VINOD K
245 _aDIRECT TAXES READY RECKONER
260 _c1906
_aNew Delhi
_bTaxmann
300 _a595 : p. : cm. ; 24
365 _cRS
999 _c2580
_d2580